Catálogo de la Biblioteca Horacio González - Universidad Nacional de General Sarmiento

El aprendizaje en juego (Registro nro. 42577)

Detalles MARC
000 -CABECERA
campo de control de longitud fija 00940naa a22002890a 4500
001 - NÚMERO DE CONTROL
campo de control PT13885
003 - IDENTIFICADOR DEL NÚMERO DE CONTROL
campo de control AR-LpoUNG
005 - FECHA Y HORA DE LA ÚLTIMA TRANSACCIÓN
campo de control 20210525180808.0
008 - DATOS DE LONGITUD FIJA--INFORMACIÓN GENERAL
campo de control de longitud fija 191001s1994||||ag |||||||||||||||||spa d
040 ## - FUENTE DE LA CATALOGACIÓN
Centro catalogador/agencia de origen AR-LpoUNG
Lengua de catalogación spa
Normas de descripción aacr
041 ## - CÓDIGO DE LENGUA
Código de lengua del texto/banda sonora o título independiente spa
044 ## - CÓDIGO DEL PAÍS DE LA ENTIDAD EDITORA/PRODUCTORA
Código MARC del país ag
082 0# - NÚMERO DE LA CLASIFICACIÓN DECIMAL DEWEY
Número de clasificación 372.044 7 258en
100 1# - ENTRADA PRINCIPAL--NOMBRE DE PERSONA
Nombre de persona Greco, María Beatriz
245 13 - MENCIÓN DE TÍTULO
Título El aprendizaje en juego
300 ## - DESCRIPCIÓN FÍSICA
Extensión p. 187-206 :
Otras características físicas tbls.
520 ## - SUMARIO, ETC.
Sumario, etc. Esta obra presenta propuestas y recursos para que el docente de matemática renueve sus energías y mejore la calidad de su trabajo.
650 #4 - PUNTO DE ACCESO ADICIONAL DE MATERIA--TÉRMINO DE MATERIA
Término de materia o nombre geográfico como elemento de entrada APRENDIZAJE
650 #4 - PUNTO DE ACCESO ADICIONAL DE MATERIA--TÉRMINO DE MATERIA
Término de materia o nombre geográfico como elemento de entrada EDUCACION
650 #4 - PUNTO DE ACCESO ADICIONAL DE MATERIA--TÉRMINO DE MATERIA
Término de materia o nombre geográfico como elemento de entrada ENSEÑANZA
650 #4 - PUNTO DE ACCESO ADICIONAL DE MATERIA--TÉRMINO DE MATERIA
Término de materia o nombre geográfico como elemento de entrada MATEMATICAS
650 #4 - PUNTO DE ACCESO ADICIONAL DE MATERIA--TÉRMINO DE MATERIA
Término de materia o nombre geográfico como elemento de entrada METODOS PEDAGOGICOS
651 #4 - PUNTO DE ACCESO ADICIONAL DE MATERIA--NOMBRE GEOGRÁFICO
Nombre geográfico DOCUMENTOS TEORICOS O METODOLOGICOS
773 0# - ENLACE AL DOCUMENTO FUENTE/ENTRADA DE REGISTRO ANFITRIÓN
Número bibliográfico anfitrión 16445
Número de ítem anfitrión 26584
Encabezamiento principal Santaló, Luis
Edición 1§ edición
Lugar, editor y fecha de publicación Buenos Aires : Troquel, 1994.
Otro identificador del documento 00016772
Título Enfoques :
Número de control del registro (AR-LpoUNG)PT13868
Número Internacional Normalizado para Publicaciones Seriadas
Número Internacional Estándar del Libro 9501630684
905 ## - ELEMENTOS DE DATOS E LOCAL, LDE (RLIN)
a 13885
942 ## - ELEMENTOS DE PUNTO DE ACCESO ADICIONAL (KOHA)
Tipo de ítem Koha Analíticas

No hay ítems disponibles.